000 01142cam a2200277 a 4500
005 20260322212029.0
008 data
010 _a 2009014893
020 _a9781600592447 (hcplc with jacket : alk. paper)
020 _a1600592449
040 _aDLC
_cDLC
_dDLC
_dGO3
_dJAI
_dQBX
_dIHI
_dOCLCQ
_dDLC
050 0 0 _aTT920
_b.R43 2010
082 0 0 _a738.1/4
_222
092 _a738.1 R43 2010
100 1 _aReason, Emily.
245 1 0 _aWheel throwing /
_cEmily Reason.
250 _a1st ed.
260 _aNew York :
_bLark Books,
_cc2010.
300 _a128 p. :
_bcol. ill. ;
_c29 cm.
490 0 _aCeramics for beginners
500 _aIncludes index.
505 0 _aFrom clay to ceramics -- The studio setting -- Form: an object and an idea -- Technique: Centering -- Technique: Throwing a cylinder -- Technique: Pulling a handle -- Technique: Throwing a bowl -- Technique: Trimming -- Technique: Decorating surfaces -- Technique: Throwing off the hump -- A brief overview of firing -- Glaze fundamentals -- Technique: Applying glazes -- Technique: Handy and homemade.
650 0 _aPottery craft
_xTechnique.
650 0 _aModeling.
001 data
999 _c668
_d668